| 000 | 01755cam a22004094a 4500 | ||
|---|---|---|---|
| 090 | _c10130 | ||
| 001 | 12481801 | ||
| 005 | 20050118212502.0 | ||
| 008 | 010725s2001 enka b 001 0 eng | ||
| 010 | _a 2001040653 | ||
| 020 | _a0333914732 (cloth) | ||
| 020 | _a0333914740 (pbk.) | ||
| 040 |
_aDLC _cDLC _dDLC |
||
| 042 | _apcc | ||
| 050 | 0 | 0 |
_aHD2341 _b.B873 2001 |
| 082 | 0 | 0 |
_a658.022 _221 _bBUR |
| 100 | 1 |
_aBurns, Paul, _d1949- |
|
| 245 | 1 | 0 |
_aEntrepreneurship and small business / _cPaul Burns. |
| 260 |
_aHoundmills, Basingstoke, Hampshire ; _aNew York : _bPalgrave, _cc.2001. |
||
| 300 |
_axxiv, 418 p. : _bill. ; _c26 cm. |
||
| 500 | _aDonations. | ||
| 500 | _aDonations - Dr. David Kirby. | ||
| 504 | _aIncludes bibliographical references (p. 408-411) and index. | ||
| 650 | 0 |
_aSmall business _xStudy and teaching. |
|
| 650 | 0 |
_aSmall business _xManagement _xStudy and teaching. |
|
| 650 | 0 |
_aEntrepreneurship _xStudy and teaching. |
|
| 650 | 0 | _aBusiness education. | |
| 650 | 0 |
_aSmall business _vCase studies. |
|
| 650 | 0 |
_aEntrepreneurship _vCase studies. |
|
| 856 | 4 | 2 |
_3Contributor biographical information _uhttp://www.loc.gov/catdir/bios/hol058/2001040653.html |
| 856 | 4 | 2 |
_3Publisher description _uhttp://www.loc.gov/catdir/description/hol052/2001040653.html |
| 856 | 4 | 1 |
_3Table of contents _uhttp://www.loc.gov/catdir/toc/hol051/2001040653.html |
| 906 |
_a7 _bcbc _corignew _d1 _eocip _f20 _gy-gencatlg |
||
| 942 |
_2ddc _cARCH |
||
| 999 |
_c10130 _d10130 |
||